| 000 -LEADER |
| fixed length control field |
00986pam a2200313 a 4500 |
| 001 - CONTROL NUMBER |
| control field |
015700561 |
| 003 - CONTROL NUMBER IDENTIFIER |
| control field |
Uk |
| 005 - DATE AND TIME OF LATEST TRANSACTION |
| control field |
20260206114038.0 |
| 008 - FIXED-LENGTH DATA ELEMENTS--GENERAL INFORMATION |
| fixed length control field |
101116r20111961enk |000 1|eng d |
| 015 ## - NATIONAL BIBLIOGRAPHY NUMBER |
| National bibliography number |
GBB0D8989 |
| Source |
bnb |
| 020 ## - INTERNATIONAL STANDARD BOOK NUMBER |
| International Standard Book Number |
9780099528494 (pbk.) |
| 040 ## - CATALOGING SOURCE |
| Original cataloging agency |
StDuBDS |
| Language of cataloging |
eng |
| Transcribing agency |
StDuBDS |
| Modifying agency |
Uk |
| -- |
KH8 |
| 041 1# - LANGUAGE CODE |
| Language code of text/sound track or separate title |
eng |
| Language code of original |
fre |
| 042 ## - AUTHENTICATION CODE |
| Authentication code |
ukblsr |
| 082 ## - DEWEY DECIMAL CLASSIFICATION NUMBER |
| Classification number |
FIC VER |
| 100 1# - MAIN ENTRY--PERSONAL NAME |
| Personal name |
Verne, Jules, |
| Dates associated with a name |
1828-1905, |
| Relator term |
author. |
| 240 10 - UNIFORM TITLE |
| Uniform title |
Voyage au centre de la terre. |
| Language of a work |
English |
| 245 10 - TITLE STATEMENT |
| Title |
Journey to the centre of the Earth / |
| Statement of responsibility, etc. |
Jules Verne ; translated from the French by Joyce Gasrd. |
| 260 ## - PUBLICATION, DISTRIBUTION, ETC. |
| Place of publication, distribution, etc. |
London : |
| Name of publisher, distributor, etc. |
Vintage Classic, |
| Date of publication, distribution, etc. |
2011. |
| 300 ## - PHYSICAL DESCRIPTION |
| Extent |
183 p. ; |
| Dimensions |
20 cm. |
| 336 ## - CONTENT TYPE |
| Content type term |
text |
| Source |
rdacontent |
| 337 ## - MEDIA TYPE |
| Media type term |
unmediated |
| Source |
rdamedia |
| 338 ## - CARRIER TYPE |
| Carrier type term |
volume |
| Source |
rdacarrier |
| 490 0# - SERIES STATEMENT |
| Series statement |
Vintage classics |
| 500 ## - GENERAL NOTE |
| General note |
This translation originally published: London : Hutchinson Educational, 1961. |
| 500 ## - GENERAL NOTE |
| General note |
Formerly CIP. |
| Institution to which field applies |
Uk |
| 655 #0 - INDEX TERM--GENRE/FORM |
| Genre/form data or focus term |
Adventure stories. |
| 942 ## - ADDED ENTRY ELEMENTS (KOHA) |
| Source of classification or shelving scheme |
|
| Koha item type |
Books - Fiction |